000 00764cam a22002533a 4500
001 13831
003 PGUSA
005 20140828083309.0
008 041022s2004||||xxu|||||s|||||000 | eng d
040 _aPGUSA
_beng
042 _adc
050 4 _aDS
100 1 _aGulick, Sidney Lewis,
_d1860-1945
245 1 0 _aEvolution Of The Japanese, Social And Psychic
_h[electronic resource] /
_cSidney Lewis Gulick
260 _bProject Gutenberg,
_c2004
506 _aPublic domain in the USA.
516 _aElectronic text
653 _aJapan -- Civilization
653 _aNational characteristics, Japanese
653 _aJapan -- Social life and customs
830 0 _aProject Gutenberg
_v13831
856 4 0 _uhttp://www.gutenberg.org/ebooks/13831
942 _cEB
999 _c243086
_d243086